Towards zero. (Record no. 533994)
[ view plain ]
| 000 -LEADER | |
|---|---|
| fixed length control field | 01015cam a22003251 4500 |
| 001 - CONTROL NUMBER | |
| control field | 3581902 |
| 003 - CONTROL NUMBER IDENTIFIER | |
| control field | Nust |
| 005 - DATE AND TIME OF LATEST TRANSACTION | |
| control field | 20200127122547.0 |
| 008 - FIXED-LENGTH DATA ELEMENTS--GENERAL INFORMATION | |
| fixed length control field | 751021s1944 pau 000 1 eng |
| 010 ## - LIBRARY OF CONGRESS CONTROL NUMBER | |
| LC control number | 44004960 |
| 020 ## - INTERNATIONAL STANDARD BOOK NUMBER | |
| International Standard Book Number | 0007136803 |
| 020 ## - INTERNATIONAL STANDARD BOOK NUMBER | |
| International Standard Book Number | 9780007136803 |
| Terms of availability | Rs. 200 |
| 038 ## - RECORD CONTENT LICENSOR | |
| Staff Name | MSOHAIL |
| 040 ## - CATALOGING SOURCE | |
| Original cataloging agency | DLC |
| Transcribing agency | Wa |
| Modifying agency | DLC |
| 050 00 - LIBRARY OF CONGRESS CALL NUMBER | |
| Classification number | PZ3.C4637 |
| Item number | To |
| Classification number | PR6005.H66 |
| 082 00 - DEWEY DECIMAL CLASSIFICATION NUMBER | |
| Classification number | 823.912 |
| Author Mark | CHR |
| 100 1# - MAIN ENTRY--PERSONAL NAME | |
| Personal name | Christie, Agatha, |
| Dates associated with a name | 1890-1976. |
| 9 (RLIN) | 2976 |
| 245 10 - TITLE STATEMENT | |
| Title | Towards zero. |
| 260 ## - PUBLICATION, DISTRIBUTION, ETC. | |
| Place of publication, distribution, etc. | Philadelphia, |
| Name of publisher, distributor, etc. | Blakiston Co.; distributed by Dodd, Mead, New York, |
| Date of publication, distribution, etc. | 1944. |
| 300 ## - PHYSICAL DESCRIPTION | |
| Extent | 301 p. |
| Dimensions | 20 cm. |
| 500 ## - GENERAL NOTE | |
| General note | At head of title: Agatha Christie. |
| 500 ## - GENERAL NOTE | |
| General note | Map on lining-papers. |
| 500 ## - GENERAL NOTE | |
| General note | "A Red badge mystery." |
| 650 #0 - SUBJECT ADDED ENTRY--TOPICAL TERM | |
| Topical term or geographic name entry element | Battle, Superintendent (Fictitious character) |
| Form subdivision | Fiction. |
| 9 (RLIN) | 11889 |
| 650 #0 - SUBJECT ADDED ENTRY--TOPICAL TERM | |
| Topical term or geographic name entry element | Police |
| Geographic subdivision | England |
| Form subdivision | Fiction. |
| 9 (RLIN) | 11890 |
| 655 #7 - INDEX TERM--GENRE/FORM | |
| Genre/form data or focus term | Detective and mystery stories. |
| Source of term | gsafd |
| 9 (RLIN) | 2977 |
| 906 ## - LOCAL DATA ELEMENT F, LDF (RLIN) | |
| a | 7 |
| b | cbc |
| c | orignew |
| d | u |
| e | ocip |
| f | 19 |
| g | y-gencatlg |
| 942 ## - ADDED ENTRY ELEMENTS (KOHA) | |
| Source of classification or shelving scheme | |
| Koha item type | Book |
| Withdrawn status | Lost status | Source of classification or shelving scheme | Damaged status | Not for loan | Permanent Location | Current Location | Date acquired | Total Checkouts | Full call number | Barcode | Date last seen | Price effective from | Koha item type |
|---|---|---|---|---|---|---|---|---|---|---|---|---|---|
| School of Civil and Environmental Engineering (SCEE) | School of Civil and Environmental Engineering (SCEE) | 01/27/2020 | 823.912 CHR | NIT-9493 | 01/27/2020 | 01/27/2020 | Book |
